000 00711nam a2200229 a 4500
001 BRCA_4842
005 20190320204828.0
008 970401s1995 sp-######b---#100-0dspa-#
020 _a8488333102
041 _aspa
044 _asp
050 4 _aPQ6351
_b.C47 1995
245 1 0 _aCervantes
_cAnthony Close ... [et al.] ; prólogo de Claudio Guillén.
260 _a[España]
_bCentro de Estudios Cervantinos
_c1995
300 _a364 p.
_c24 cm.
504 _aBibliografía: p. [349]-364
600 1 4 _aCervantes Saavedra, Miguel de
_d1547-1616
_xCrítica e interpretación
_912260
700 1 _aClose, Anthony
_eprol.
_912261
700 1 _aGuillén, Claudio
_eprol.
_912262
902 _aCERV
942 _2lcc
_cB
999 _c4536
_d4536